Deep in the heart of Tuna /

Deep in the Heart of Tuna is a "Best Of" Tuna show that follows the story of Bertha Bumiller and her beautifully dysfunctional family. Tuna, Texas is the third-smallest town in the state, where the Lion's Club is too liberal and Patsy Cline never dies. The eclectic band of citizens th...

Full description

Bibliographic Details
Main Authors: Williams, Jaston (Author), Howard, Ed (Author), Sears, Joe (Author)
Format: Book
Language:English
Published: [New York] : Samuel French, [2018]
Series:Samuel French acting edition.
Subjects:

MARC

Tag First Indicator Second Indicator Subfields
LEADER 00000cam a2200000Ii 4500
001 in00004171221
008 190401t20182018nyu 000 d eng d
005 20250318215930.4
020 |a 057370757X  |q paperback 
020 |a 9780573707575 
035 |a (OCoLC)1090852948 
035 |a (OCoLC)on1090852948 
040 |a YDX  |b eng  |e rda  |c YDX  |d YDXIT  |d NGU  |d UtOrBLW 
043 |a n-us-tx 
050 4 |a PS3573.I449327  |b D44 2018 
082 0 4 |a 812/.54  |2 23 
100 1 |a Williams, Jaston,  |e author.  |0 http://id.loc.gov/authorities/names/n84006086 
245 1 0 |a Deep in the heart of Tuna /  |c by Jaston Williams, Joe Sears & Ed Howard. 
264 1 |a [New York] :  |b Samuel French,  |c [2018] 
264 4 |c ©2018 
300 |a 75 pages ;  |c 21 cm. 
336 |a text  |b txt  |2 rdacontent 
337 |a unmediated  |b n  |2 rdamedia 
338 |a volume  |b nc  |2 rdacarrier 
490 1 |a Samuel French acting edition 
500 |a Comedy / 2m. 
520 |a Deep in the Heart of Tuna is a "Best Of" Tuna show that follows the story of Bertha Bumiller and her beautifully dysfunctional family. Tuna, Texas is the third-smallest town in the state, where the Lion's Club is too liberal and Patsy Cline never dies. The eclectic band of citizens that make up this town are portrayed by only two performers, making this satire on life in rural America even more powerful as they depict all of the inhabitants of Tuna - men, women, children, and animals. -- Publisher website. 
650 0 |a Country life  |v Drama.  |0 http://id.loc.gov/authorities/subjects/sh2009122138 
650 0 |a Families  |v Drama.  |0 http://id.loc.gov/authorities/subjects/sh2008103500 
650 0 |a Small cities  |z Texas  |v Drama. 
651 0 |a Texas  |v Drama. 
700 1 |a Howard, Ed,  |e author.  |0 http://id.loc.gov/authorities/names/n84006080 
700 1 |a Sears, Joe,  |e author.  |0 http://id.loc.gov/authorities/names/n84006079 
830 0 |a Samuel French acting edition.  |0 http://id.loc.gov/authorities/names/no2015079634 
852 8 |b pda,print  |z This title is available for the library to purchase for your use. Click the "Purchase It For Me" button to place a request. This item may take 5-10 business days to arrive. 
955 |a Print PDA title 
999 f f |s 00a7153f-642d-418f-b9f7-95569083d80f  |i d3f8c583-8c9d-35c1-9b58-22eac256ff2d  |t 0 
952 f f |a Texas A&M University  |b College Station  |c Sterling C. Evans Library  |d Purchase on Demand  |t 0  |e PS3573.I449327 D44 2018  |h Library of Congress classification 
998 f f |a PS3573.I449327 D44 2018  |t 0  |l Purchase on Demand